00250nam a2200109Ia 4500008004100000100001500041245002900056260001900085650001200104942000700116999001700123190216s9999||||xx |||||||||||||| ||und|| aTiwari S C 0aEssay On The Third World bCbs Publishers aHistory cBK c19992d19992